1821 1445 1254 1981 1530 1579 1756 1207 1087 1189 1587 1656 1384 1722 1524 1691 1763 1206 1546 1307 1828 1631 1947 1691 1735 1038 1561 1567 1406 1476 1334 1274 1302 1113 1667 1925 1307 1077 1394 1288 1648 1450 1021 1154 1305 1356 1797 1737 1110 1948 1271 1272 1428 1832 1117 1952 1447 1975 1419 1896 1759 1363 1883 1655 1950 1770 1474 1799 1391 1724 1751 1275 1077 1667 1379 1220 1814 1694 1684 1690 1950 1854 1501 1325 1283 1402 1724 1232 1927 1297 1460 1444 1100 1971 1485 1418 1119 1859 1924 BCNSPRNW ULIB Ver.6.0+V

เปลี่ยนเป็นภาษาไทย

Change to English
 แสดงรายละเอียดบรรณานุกรม
  กลับหน้าหลัก

Brief Record : Get Marc (ISO 2709) : E-mail record : QR code < ปิดหน้าต่าง
LEADER : 00000nam 2200000uu 4500
001    13399126286
003     ULIB
008    180830s2560||||th 000 0 tha d
020    ^a9786162793677
060  4 ^aWY157^bป135
245 00 ^aปฏิบัติการพยาบาลสูติศาสตร์-นรีเวชวิทยา /^cกองบรรณาธิการ, ยุวดี วัฒนานนท์, ศิริวรรณ์ สันทัด
250    ^aพิมพ์ครั้งที่ 2
260    ^aกรุงเทพฯ :^bโครงการตำราคณะพยาบาลศาสตร์ มหาวิทยาลัยมหิดล,^c2560
300    ^a190 หน้า :^bภาพประกอบ ;^c26 ซม.
650  4 ^aการพยาบาลนรีเวชศาสตร์
650  4 ^aการพยาบาลสูติศาสตร์
700 0  ^aยุวดี วัฒนานนท์,^eบรรณาธิการ
700 0  ^aศิริวรรณ์ สันทัด,^eบรรณาธิการ
710 2  ^aมหาวิทยาลัยมหิดล. ^bโครงการตำราคณะพยาบาลศาสตร์
945    ^p200^l0^i26483
945    ^p200^l0^i26482
999    ^aกัณชพร จุลอักษร
รายการนี้ยังไม่มีแท็ก
คุณยังไม่ได้ล็อกอิน คุณสามารถมีกิจกรรมร่วมกับเว็บไซต์ได้ แต่ต้องล็อกอินก่อน ::
  ล็อกอิน

รายการสื่อสารสนเทศ

ลำดับที่ ประเภท เลขเรียก/บาร์โค้ด สถานที่ สถานะ
1. วิทยาศาสตร์การแพทย์ และสุขภาพ
วิทยาศาสตร์การแพทย์ และสุขภาพ
WY157 ป135 ฉ.1 
  Barcode: 26482
ห้องสมุดวิทยาเขตนครสวรรค์
►หนังสือทั่วไป:l:General Books
บนชั้น
2. วิทยาศาสตร์การแพทย์ และสุขภาพ
วิทยาศาสตร์การแพทย์ และสุขภาพ
WY157 ป135 ฉ.2 
  Barcode: 26483
ห้องสมุดวิทยาเขตนครสวรรค์
►หนังสือทั่วไป:l:General Books
บนชั้น

รายการใกล้เคียง
    หัวเรื่อง [การพยาบาลนรีเวชศาสตร์]
    หัวเรื่อง [การพยาบาลสูติศาสตร์]

BibComment


ยังไม่เคยถูกคอมเมนท์

คอมเมนท์ทรัพยากรรายการนี้
  คอมเมนท์: ปฏิบัติการพยาบาล..


 Copyright 2026. Bcnsprnw @Library